00797nac a22002177a 4500001001000000003000900010005001700019008003400036040005400070072000800124110006300132245017000195260003600365300000900401490009400410650000900504650001400513650001600527650002500543650001100568BR8202856BR-BrBNA20240105115325.0230509b bl.|||m| |||| 00| 0 por d aBR-BrBNAbporcBiblioteca Nacional de Agricultura aF001 aCentro Nacional de Pesquisa de Soja, Londrina, PR (Brasil)1 aRecomendacoes de cultivares, epocas de semeadura, populacoes, densidades e espacamentos de soja para o estado do Parana no ano agricola 1982/83 [Glycine max, Brasil]3 aLondrina, PR (Brasil): c1982.  a9 p. aComunicado Tecnico - Centro Nacional de Pesquisa de Soja (Brazil)vno. 18xISSN 0100-6606 aSOJA aSEMEADURA aESPACAMENTO aDENSIDADE DE PLANTIO aPARANA